Guess the 1960s song lyrics #331 - Statistics

General Stats
  • This quiz has been taken 25 times
  • The average score is 89 of 231
Answer Stats
Answer % Correct
I
90%
the
90%
you
90%
You
90%
a
85%
me
85%
to
85%
and
80%
love
80%
my
80%
when
80%
where
80%
no
75%
so
75%
your
75%
it
70%
want
70%
don't
65%
Don't
65%
it's
65%
know
65%
not
65%
you're
65%
for
60%
what
60%
Been
55%
been
55%
but
55%
going
55%
how
55%
long
55%
you've
55%
just
50%
of
50%
here
45%
they
45%
will
45%
all
40%
let
40%
never
40%
Oh
40%
oh
40%
them
40%
was
40%
come
35%
say
35%
Take
35%
baby
30%
Gonna
30%
Led Zeppelin
30%
yeah
30%
Ah
25%
ah
25%
away
25%
much
25%
only
25%
leave
20%
true
20%
Try
20%
again
15%
confused
15%
dazed
15%
hard
15%
home
15%
push
15%
talk
15%
Wanted
15%
work
15%
easy
10%
hurt
10%
lies
10%
little
10%
people
10%
woman
10%
Lord
5%
round
5%
Run
5%
Soul
5%
sweet
5%
Sweet
5%
abuse
0%
Alright
0%
alright
0%
bargained
0%
below
0%
bill
0%
bringing
0%
created
0%
earned
0%
Everyday
0%
few
0%
hypnotize
0%
Lots
0%
pay
0%
send
0%
telling
0%
Tongue
0%
wag
0%
No matching quizzes found
Score Distribution
Percent of People with Each Score
Percentile by Number Answered
Your Score History
You have not taken this quiz